000 00416nam a2200169Ia 4500
008 090711s9999 xx 000 0 und d
082 _b72921
100 _aराजे शैलजा
245 _aबंधन
260 _c1994
300 _a160
600 _aराजे शैलजा
630 _aबंधन
700 _aराजे शैलजा
730 _aबंधन
942 _cBOOK
999 _c304422
_d304422